000 00487nam a2200205Ia 4500
008 240509s9999 xx 000 0 und d
020 _a0008131705706
041 _aEng
082 _a652
082 _bT19
100 _aTAYLOR, S.:
245 0 _aMODEL BUSINESS LETTERS, E-MAILS AND OTHER BUSINESS DOCUMENTS
250 _a6th ed.
260 _bINDIA : PEARSON EDUCATION
260 _c2004
300 _a497 p.
650 _aBUSINESS LETTERS
942 _2ddc
942 _cRBK
999 _c23138
_d23138
945 _a1
_bMadushi Gamage
_c1
_dMadushi Gamage